10 mandamentos - Statistics

Estatísticas Gerais
  • Esse quiz foi jogado 205 vezes
  • A pontuação média é 3 de 10
Estatísticas das Respostas
Hint Resposta % Correto
5. Não matar
89%
4. Honrar pai e mãe
66%
1. Amar a Deus sobre todas as coisas
54%
7. Não furtar
53%
3. Santificar os Domingos e festas de guarda
41%
10. Não cobiçar as coisas alheias
18%
2. Não invocar o santo nome de Deus em vão
12%
8. Não levantar falsos testemunhos
4%
9. Guardar castidade nos pensamentos e desejos
1%
6. Guardar castidade nas palavras e nas obras
0%
Nenhum quiz correspondente encontrado
Distribuição das Pontuações
Porcentagem de Pessoas com Cada Pontuação
Percentil de Números Respondidos
Sua Pontuação Histórica
Você não jogou esse quiz